| 000 | 00482nam a2200133Ia 4500 | ||
|---|---|---|---|
| 008 | 221007s9999 xx 000 0 und d | ||
| 041 | _aeng | ||
| 082 | _bKAK | ||
| 100 |
_aKakde Pooja M - 2k141022; Prof.Suvarna Dhamdhere - Guide & [Company Name] - Bala Software Solutions _9103750 |
||
| 245 | _aStudy Of Library Software To Suggest Software Design Plan For Bala Software Solutions | ||
| 260 |
_cSep-15 _bSavitribai Phule Pune University _aPune |
||
| 300 | _a39p | ||
| 906 | _bGeneral | ||
| 999 |
_c75083 _d75083 |
||